| 000 | 00000nam 2200000zi 4500 |
| 001 | 9.939817 |
| 003 | CaOODSP |
| 005 | 20240625162845 |
| 006 | m o d f |
| 007 | cr mn||||||||| |
| 008 | 240625s1989 onca o f000 0 fre d |
| 040 | |aCaOODSP|bfre|erda|cCaOODSP |
| 043 | |an-cn--- |
| 086 | 1 |aEn21-78/1989F-PDF |
| 245 | 03|aDix années de succès : |brecherche et développement dans le domaine de l'environnement et de l'énergie. |
| 264 | 1|a[Ottawa] : |bGouvernement du Canada, |c[1989] |
| 300 | |a1 ressource en ligne (28 pages) : |billustrations en couleur |
| 336 | |atexte|btxt|2rdacontent/fre |
| 337 | |ainformatique|bc|2rdamedia/fre |
| 338 | |aressource en ligne|bcr|2rdacarrier/fre |
| 500 | |aÉdition numérisée de l’imprimé [par Environnement et changement climatique Canada]. |
| 500 | |aPublié aussi en anglais sous le titre : A decade of achievement : environment and energy research & development. |
| 650 | 6|aEnvironnement|xProtection|xRecherche|zCanada. |
| 650 | 6|aEnvironnement|xPolitique gouvernementale|xRecherche|zCanada. |
| 650 | 6|aPollution|xRecherche|zCanada. |
| 650 | 6|aRessources énergétiques|xRecherche|zCanada. |
| 710 | 1 |aCanada. |bEnvironnement Canada, |eorganisme de publication. |
| 775 | 08|tA decade of achievement : |w(CaOODSP)9.930516 |
| 856 | 40|qPDF|s22.16 Mo|uhttps://publications.gc.ca/collections/collection_2024/eccc/En21-78-1989-fra.pdf |